| 000 | 01200cam a22003378i 4500 | ||
|---|---|---|---|
| 001 | 18010298 | ||
| 003 | SISC | ||
| 005 | 20170119154551.0 | ||
| 008 | 140116s2015 mau b 001 0 eng | ||
| 010 | _a 2014001795 | ||
| 020 | _a9780133127409 | ||
| 020 | _a9781292060088 | ||
| 040 |
_aDLC _beng _cDLC _erda _dDLC |
||
| 042 | _apcc | ||
| 050 | 0 | 0 |
_aHD 30.28 _b.B368 2015 |
| 082 | 0 | 0 | _a658.4/012 |
| 100 | 1 | _aBarney, Jay B. | |
| 245 | 1 | 0 |
_aStrategic management and competitive advantage : _bconcepts and cases / _cJay B. Barney, The University of Utah, William S. Hesterly, The University of Utah. |
| 250 | _a5th edition. | ||
| 260 |
_aBoston : _bPearson, _c2015. |
||
| 300 |
_axxi, 373 pages ; _c27 cm. |
||
| 500 | _aIncludes bibliographical references and indexes. | ||
| 650 | 0 |
_aStrategic planning _vCase studies. |
|
| 650 | 0 |
_aBusiness planning _vCase studies. |
|
| 650 | 0 |
_aIndustrial management _vCase studies. |
|
| 650 | 0 |
_aCompetition _vCase studies. |
|
| 700 | 1 | _aHesterly, William S. | |
| 906 |
_a7 _bcbc _corignew _d1 _eecip _f20 _gy-gencatlg |
||
| 942 |
_2lcc _cBK _kFOR |
||
| 999 |
_c288949 _d288949 |
||